| 000 | 00604nam a2200217 a 4500 | ||
|---|---|---|---|
| 001 | ASIN0198084560 | ||
| 003 | OSt | ||
| 005 | 20150408114143.0 | ||
| 008 | 130927s2010 xxu eng d | ||
| 020 | _a9788184488401 | ||
| 040 | _aMa-Un | ||
| 082 | 0 | 4 | _a616.01 |
| 100 | 1 |
_aGupta, Satish. _937949 |
|
| 245 | 1 | 0 |
_aThe short textbook of medical microbiology / _cSatish Gupta. |
| 250 | _a10th. ed. | ||
| 260 |
_aNew Delhi: _bJaypee Brothers Medical Publishers _c2010. |
||
| 300 |
_a476 p. ; _c25 cm. |
||
| 650 | 0 |
_aMedical microbiology _94843 |
|
| 650 | 0 |
_aParasitology _918623 |
|
| 942 |
_2ddc _cBOOK |
||
| 999 |
_c31334 _d265834 |
||